[Event "XXVII Miedzynarodowy Festiwal Szachowy im. Jozefa Dominika"]
[Site "Dobczyce"]
[Date "2019.07.05"]
[Round "1.1"]
[White "Kyc, Jerzy"]
[Black "Dziewonski, Dariusz"]
[Result "1-0"]
[BlackElo "1879"]
[WhiteElo "2279"]
[LiveChessVersion "1.4.8"]

1. e4 {[%clk 1:30:57]} c5 {[%clk 1:30:43]} 2. Nf3 {[%clk 1:31:25]} d6
{[%clk 1:31:05]} 3. d4 {[%clk 1:31:54]} cxd4 {[%clk 1:31:29]} 4. Nxd4
{[%clk 1:32:22]} Nf6 {[%clk 1:31:53]} 5. Nc3 {[%clk 1:32:50]} g6 {[%clk 1:32:18]}
6. Be3 {[%clk 1:33:17]} Bg7 {[%clk 1:32:44]} 7. f3 {[%clk 1:33:44]} O-O
{[%clk 1:33:07]} 8. Qd2 {[%clk 1:34:13]} Nc6 {[%clk 1:33:05]} 9. O-O-O
{[%clk 1:34:41]} d5 {[%clk 1:31:03]} 10. exd5 {[%clk 1:35:04]} Nxd5
{[%clk 1:31:29]} 11. Nxc6 {[%clk 1:35:27]} bxc6 {[%clk 1:31:48]} 12. Bd4
{[%clk 1:35:54]} e5 {[%clk 1:27:09]} 13. Bc5 {[%clk 1:36:18]} Be6
{[%clk 1:25:34]} 14. Ne4 {[%clk 1:36:46]} f5 {[%clk 1:08:20]} 15. Ng5
{[%clk 1:37:09]} Bh6 {[%clk 0:59:09]} 16. h4 {[%clk 1:37:27]} Re8
{[%clk 0:55:24]} 17. Ba6 {[%clk 1:36:49]} Nf4 {[%clk 0:37:07]} 18. Bb7
{[%clk 0:59:55]} Qxd2+ {[%clk 0:30:31]} 19. Rxd2 {[%clk 0:59:33]} Rad8
{[%clk 0:28:59]} 20. Rhd1 {[%clk 0:57:20]} Rxd2 {[%clk 0:22:21]} 21. Rxd2
{[%clk 0:57:49]} Bd5 {[%clk 0:22:03]} 22. b3 {[%clk 0:56:34]} Ne6
{[%clk 0:15:09]} 23. Be3 {[%clk 0:57:02]} f4 {[%clk 0:14:40]} 24. Bf2
{[%clk 0:55:31]} Bxg5 {[%clk 0:12:29]} 25. hxg5 {[%clk 0:54:53]} e4
{[%clk 0:09:45]} 26. fxe4 {[%clk 0:52:58]} Bxe4 {[%clk 0:10:04]} 27. Bxa7
{[%clk 0:51:29]} Nxg5 {[%clk 0:09:04]} 28. Ba6 {[%clk 0:49:45]} Bd5
{[%clk 0:08:10]} 29. c4 {[%clk 0:49:11]} Be4 {[%clk 0:07:15]} 30. Bb6
{[%clk 0:42:40]} Ra8 {[%clk 0:05:42]} 31. Bb7 {[%clk 0:42:23]} Rb8
{[%clk 0:05:53]} 32. Rd8+ {[%clk 0:42:29]} Rxd8 {[%clk 0:06:11]} 33. Bxd8
{[%clk 0:42:58]} Ne6 {[%clk 0:05:29]} 34. Bb6 {[%clk 0:43:15]} Bxg2
{[%clk 0:00:32]} 35. a4 {[%clk 0:43:41]} f3 {[%clk 0:00:32]} 36. a5
{[%clk 0:44:04]} Nc7 {[%clk 0:00:33]} 37. Bxc6 {[%clk 0:44:15]} h5
{[%clk 0:00:32]} 38. Bxc7 {[%clk 0:44:38]} Bh1 {[%clk 0:00:34]} 39. Bd5+
{[%clk 0:44:33]} Kh7 {[%clk 0:00:36]} 40. Bg3 {[%clk 0:44:50]} g5
{[%clk 0:00:43]} 41. a6 {[%clk 0:45:07]} h4 {[%clk 0:00:33]} 42. Bf2
{[%clk 0:45:32]} h3 {[%clk 0:00:53]} 43. a7 {[%clk 0:45:55]} Bg2 {[%clk 0:01:11]}
44. a8=Q {[%clk 0:45:58]} h2 {[%clk 0:01:37]} 45. Be4+ {[%clk 0:46:15]} Kg7
{[%clk 0:01:53]} 46. Bd4+ {[%clk 0:46:19]} Kf7 {[%clk 0:02:20]} 47. Qd5+
{[%clk 0:46:36]} 1-0

[Event "XXVII Miedzynarodowy Festiwal Szachowy im. Jozefa Dominika"]
[Site "Dobczyce"]
[Date "2019.07.05"]
[Round "1.2"]
[White "Kawula, Andrzej"]
[Black "Gbyl, Andrzej"]
[Result "0-1"]
[BlackElo "2234"]
[WhiteElo "1876"]
[LiveChessVersion "1.4.8"]

1. d4 {[%clk 1:30:54]} Nf6 {[%clk 1:30:08]} 2. c4 {[%clk 1:31:13]} c5
{[%clk 1:30:14]} 3. d5 {[%clk 1:30:04]} e6 {[%clk 1:29:55]} 4. Nc3
{[%clk 1:30:05]} exd5 {[%clk 1:30:10]} 5. cxd5 {[%clk 1:30:29]} d6
{[%clk 1:30:33]} 6. e4 {[%clk 1:30:35]} g6 {[%clk 1:30:51]} 7. Nf3
{[%clk 1:29:38]} Bg7 {[%clk 1:31:16]} 8. Be2 {[%clk 1:29:59]} O-O
{[%clk 1:31:32]} 9. O-O {[%clk 1:29:46]} a6 {[%clk 1:30:29]} 10. a4
{[%clk 1:29:49]} Bg4 {[%clk 1:29:14]} 11. h3 {[%clk 1:29:55]} Bxf3
{[%clk 1:29:40]} 12. Bxf3 {[%clk 1:30:20]} Nbd7 {[%clk 1:29:53]} 13. Bf4
{[%clk 1:29:05]} Qe7 {[%clk 1:30:18]} 14. Re1 {[%clk 1:27:48]} Ne5
{[%clk 1:28:55]} 15. Be2 {[%clk 1:27:53]} Rab8 {[%clk 1:27:55]} 16. Qd2
{[%clk 1:25:14]} Nfd7 {[%clk 1:12:05]} 17. Bg3 {[%clk 1:17:29]} g5
{[%clk 1:11:23]} 18. f4 {[%clk 1:16:42]} gxf4 {[%clk 1:11:47]} 19. Bxf4
{[%clk 1:17:04]} Ng6 {[%clk 1:10:15]} 20. Bh6 {[%clk 1:12:01]} Qe5
{[%clk 1:05:04]} 21. Bg4 {[%clk 1:09:52]} Nf6 {[%clk 1:03:14]} 22. Bxg7
{[%clk 1:09:31]} Kxg7 {[%clk 1:00:59]} 23. Bf5 {[%clk 1:09:23]} Rfe8
{[%clk 0:59:46]} 24. Rf1 {[%clk 1:07:56]} Qd4+ {[%clk 0:50:21]} 25. Qxd4
{[%clk 0:59:03]} cxd4 {[%clk 0:50:41]} 26. Ne2 {[%clk 0:58:55]} Nxe4
{[%clk 0:42:48]} 27. Nxd4 {[%clk 0:57:58]} Ng3 {[%clk 0:43:00]} 28. Rf3
{[%clk 0:57:39]} Ne2+ {[%clk 0:43:19]} 29. Nxe2 {[%clk 0:56:14]} Rxe2
{[%clk 0:43:43]} 30. b3 {[%clk 0:48:27]} Rbe8 {[%clk 0:43:35]} 31. Raf1
{[%clk 0:47:34]} R8e7 {[%clk 0:40:46]} 32. R1f2 {[%clk 0:45:56]} R2e3
{[%clk 0:40:11]} 33. Rxe3 {[%clk 0:39:04]} Rxe3 {[%clk 0:40:33]} 34. Rf3
{[%clk 0:39:25]} Rxf3 {[%clk 0:38:45]} 35. gxf3 {[%clk 0:39:53]} Ne7
{[%clk 0:39:02]} 36. Be4 {[%clk 0:38:44]} f5 {[%clk 0:39:18]} 37. Bd3
{[%clk 0:39:03]} Kf6 {[%clk 0:39:29]} 38. Bc4 {[%clk 0:29:10]} Ke5
{[%clk 0:38:34]} 39. Kf2 {[%clk 0:28:50]} Nxd5 {[%clk 0:32:32]} 40. Kg3
{[%clk 0:28:50]} Nf4 {[%clk 0:32:09]} 41. b4 {[%clk 0:26:41]} d5 {[%clk 0:32:20]}
42. Bf1 {[%clk 0:26:51]} d4 {[%clk 0:32:20]} 43. Kf2 {[%clk 0:26:14]} Nd5
{[%clk 0:32:41]} 44. b5 {[%clk 0:26:32]} a5 {[%clk 0:32:50]} 45. Bd3
{[%clk 0:25:40]} b6 {[%clk 0:33:02]} 46. Bc4 {[%clk 0:24:50]} h6 {[%clk 0:33:11]}
47. h4 {[%clk 0:24:16]} Nf4 {[%clk 0:33:19]} 48. Kg3 {[%clk 0:22:16]} d3
{[%clk 0:32:55]} 49. Bb3 {[%clk 0:21:57]} d2 {[%clk 0:32:08]} 50. Bc2
{[%clk 0:21:27]} Ne2+ {[%clk 0:31:42]} 51. Kf2 {[%clk 0:21:18]} Nc3
{[%clk 0:31:50]} 0-1

[Event "XXVII Miedzynarodowy Festiwal Szachowy im. Jozefa Dominika"]
[Site "Dobczyce"]
[Date "2019.07.05"]
[Round "1.3"]
[White "Luberanski, Jakub"]
[Black "Madej, Marek"]
[Result "1-0"]
[BlackElo "1843"]
[WhiteElo "2010"]
[LiveChessVersion "1.4.8"]

1. d4 {[%clk 1:30:46]} Nf6 {[%clk 1:30:41]} 2. Bf4 {[%clk 1:30:48]} d6
{[%clk 1:28:28]} 3. e3 {[%clk 1:30:55]} g6 {[%clk 1:28:22]} 4. h3
{[%clk 1:30:34]} Bg7 {[%clk 1:28:30]} 5. Nf3 {[%clk 1:30:39]} Nbd7
{[%clk 1:28:32]} 6. Be2 {[%clk 1:30:06]} O-O {[%clk 1:27:44]} 7. O-O
{[%clk 1:30:20]} Re8 {[%clk 1:26:53]} 8. c4 {[%clk 1:30:34]} b6 {[%clk 1:25:01]}
9. Nc3 {[%clk 1:29:43]} Bb7 {[%clk 1:25:19]} 10. Bh2 {[%clk 1:26:36]} e5
{[%clk 1:23:41]} 11. b4 {[%clk 1:19:38]} e4 {[%clk 1:17:36]} 12. Nd2
{[%clk 1:19:37]} d5 {[%clk 1:17:06]} 13. Nb5 {[%clk 1:16:19]} dxc4
{[%clk 1:03:47]} 14. Nxc7 {[%clk 1:12:37]} b5 {[%clk 1:03:27]} 15. Nxb5
{[%clk 1:10:29]} Nb6 {[%clk 0:55:16]} 16. Nxc4 {[%clk 1:04:45]} Nfd5
{[%clk 0:53:26]} 17. Ncd6 {[%clk 1:02:59]} Re7 {[%clk 0:53:43]} 18. Nxb7
{[%clk 1:01:14]} Rxb7 {[%clk 0:53:59]} 19. Nd6 {[%clk 0:58:32]} Re7
{[%clk 0:54:10]} 20. Qb3 {[%clk 0:58:17]} f5 {[%clk 0:49:03]} 21. Bc4
{[%clk 0:56:33]} 1-0

[Event "XXVII Miedzynarodowy Festiwal Szachowy im. Jozefa Dominika"]
[Site "Dobczyce"]
[Date "2019.07.05"]
[Round "1.4"]
[White "Krawczyk, Wojciech"]
[Black "Widla, Piotr"]
[Result "0-1"]
[BlackElo "1989"]
[WhiteElo "1780"]
[LiveChessVersion "1.4.8"]

1. d4 {[%clk 1:30:58]} c5 {[%clk 1:30:55]} 2. e3 {[%clk 1:31:15]} Nf6
{[%clk 1:31:16]} 3. Nf3 {[%clk 1:31:39]} e6 {[%clk 1:31:18]} 4. Be2
{[%clk 1:30:29]} d5 {[%clk 1:29:56]} 5. O-O {[%clk 1:30:37]} Nc6 {[%clk 1:29:57]}
6. b3 {[%clk 1:30:23]} cxd4 {[%clk 1:25:00]} 7. exd4 {[%clk 1:28:30]} Bd6
{[%clk 1:24:58]} 8. Re1 {[%clk 1:24:09]} O-O {[%clk 1:25:15]} 9. Bg5
{[%clk 1:20:05]} h6 {[%clk 1:20:52]} 10. Bh4 {[%clk 1:19:45]} e5 {[%clk 1:08:28]}
11. dxe5 {[%clk 1:17:24]} Nxe5 {[%clk 1:05:42]} 12. Bd3 {[%clk 1:12:01]} Bg4
{[%clk 1:03:43]} 13. Nbd2 {[%clk 1:12:06]} Nxd3 {[%clk 0:59:04]} 14. cxd3
{[%clk 1:11:47]} Bb4 {[%clk 0:58:15]} 15. Re2 {[%clk 1:08:13]} Bc3
{[%clk 0:48:03]} 16. Rc1 {[%clk 1:08:04]} Rc8 {[%clk 0:48:20]} 17. h3
{[%clk 1:07:20]} Bf5 {[%clk 0:47:22]} 18. Nf1 {[%clk 1:05:35]} g5
{[%clk 0:43:39]} 19. Bg3 {[%clk 0:53:29]} Nh5 {[%clk 0:37:24]} 20. d4
{[%clk 0:34:40]} Nf4 {[%clk 0:29:49]} 21. Bxf4 {[%clk 0:20:47]} gxf4
{[%clk 0:30:13]} 22. Re5 {[%clk 0:18:39]} Be4 {[%clk 0:26:56]} 23. N1d2
{[%clk 0:18:45]} f5 {[%clk 0:23:45]} 24. g3 {[%clk 0:13:22]} fxg3
{[%clk 0:22:44]} 25. fxg3 {[%clk 0:13:48]} Qb6 {[%clk 0:22:53]} 26. Nxe4
{[%clk 0:01:30]} fxe4 {[%clk 0:17:47]} 27. Rxc3 {[%clk 0:01:31]} Rxc3
{[%clk 0:18:16]} 28. Nh4 {[%clk 0:01:51]} Rxg3+ {[%clk 0:18:29]} 29. Kh2
{[%clk 0:02:04]} Rg5 {[%clk 0:18:32]} 30. Rxg5+ {[%clk 0:01:40]} hxg5
{[%clk 0:18:58]} 31. Qg4 {[%clk 0:01:50]} Qf6 {[%clk 0:19:20]} 32. Ng2
{[%clk 0:01:54]} Qf5 {[%clk 0:16:01]} 33. Qg3 {[%clk 0:01:54]} Kg7
{[%clk 0:15:00]} 34. h4 {[%clk 0:01:29]} g4 {[%clk 0:10:14]} 35. Qc7+
{[%clk 0:00:52]} Rf7 {[%clk 0:10:40]} 36. Qg3 {[%clk 0:00:55]} Kh7
{[%clk 0:11:04]} 37. a4 {[%clk 0:00:51]} Qf3 {[%clk 0:11:07]} 38. Qe5
{[%clk 0:00:59]} g3+ {[%clk 0:10:30]} 39. Qxg3 {[%clk 0:00:33]} Qxg3+
{[%clk 0:10:13]} 40. Kxg3 {[%clk 0:00:56]} Rf3+ {[%clk 0:10:39]} 41. Kg4
{[%clk 0:01:20]} Rd3 {[%clk 0:10:41]} 42. Kf4 {[%clk 0:01:23]} Rxd4
{[%clk 0:10:55]} 43. Ne3 {[%clk 0:01:36]} Rd3 {[%clk 0:10:02]} 44. b4
{[%clk 0:01:37]} Rxe3 {[%clk 0:08:39]} 0-1

[Event "XXVII Miedzynarodowy Festiwal Szachowy im. Jozefa Dominika"]
[Site "Dobczyce"]
[Date "2019.07.05"]
[Round "1.5"]
[White "Kuciel, Wladyslaw"]
[Black "Iwanczuk, Krzysztof"]
[Result "1/2-1/2"]
[BlackElo "1775"]
[WhiteElo "1966"]
[LiveChessVersion "1.4.8"]

1. d4 {[%clk 1:30:56]} Nf6 {[%clk 1:30:33]} 2. c4 {[%clk 1:31:19]} g6
{[%clk 1:30:43]} 3. Nc3 {[%clk 1:31:44]} Bg7 {[%clk 1:31:05]} 4. e4
{[%clk 1:32:05]} d6 {[%clk 1:31:29]} 5. Be2 {[%clk 1:32:22]} O-O {[%clk 1:29:29]}
6. Be3 {[%clk 1:32:32]} e5 {[%clk 1:27:54]} 7. d5 {[%clk 1:31:48]} a5
{[%clk 1:28:01]} 8. h3 {[%clk 1:28:53]} Na6 {[%clk 1:27:52]} 9. Nf3
{[%clk 1:27:46]} Nd7 {[%clk 1:26:56]} 10. g4 {[%clk 1:26:34]} Ndc5
{[%clk 1:23:53]} 11. Rg1 {[%clk 1:24:35]} c6 {[%clk 1:22:09]} 12. Qd2
{[%clk 1:21:18]} cxd5 {[%clk 1:20:29]} 13. cxd5 {[%clk 1:21:32]} Bd7
{[%clk 1:17:02]} 14. Bh6 {[%clk 1:19:53]} b5 {[%clk 1:12:38]} 15. Bxg7
{[%clk 1:19:15]} Kxg7 {[%clk 1:12:51]} 16. Qe3 {[%clk 1:15:21]} Qb6
{[%clk 1:03:13]} 17. Kf1 {[%clk 1:05:15]} Rac8 {[%clk 0:55:06]} 18. Kg2
{[%clk 1:03:49]} Nc7 {[%clk 0:35:35]} 19. b3 {[%clk 0:54:24]} Ne8
{[%clk 0:33:26]} 20. Rac1 {[%clk 0:50:37]} Nf6 {[%clk 0:29:49]} 21. Nd2
{[%clk 0:50:40]} Qb7 {[%clk 0:29:30]} 22. Kh2 {[%clk 0:44:28]} Rc7
{[%clk 0:25:32]} 23. g5 {[%clk 0:42:33]} Ng8 {[%clk 0:25:32]} 24. f4
{[%clk 0:42:20]} f5 {[%clk 0:22:16]} 25. gxf6+ {[%clk 0:40:45]} Nxf6
{[%clk 0:22:04]} 26. fxe5 {[%clk 0:38:58]} dxe5 {[%clk 0:22:06]} 27. Rcf1
{[%clk 0:33:03]} b4 {[%clk 0:21:16]} 28. Nd1 {[%clk 0:33:05]} Bb5
{[%clk 0:21:21]} 29. Bxb5 {[%clk 0:26:50]} Qxb5 {[%clk 0:21:42]} 30. Nb2
{[%clk 0:26:32]} Ncxe4 {[%clk 0:14:19]} 31. Nxe4 {[%clk 0:22:30]} Nxd5
{[%clk 0:14:43]} 32. Qd3 {[%clk 0:15:44]} Qxd3 {[%clk 0:15:03]} 33. Nxd3
{[%clk 0:16:09]} Rc2+ {[%clk 0:15:23]} 34. Kg3 {[%clk 0:16:01]} Rxf1
{[%clk 0:14:10]} 35. Rxf1 {[%clk 0:16:29]} Rxa2 {[%clk 0:13:57]} 36. Nxe5
{[%clk 0:13:34]} Re2 {[%clk 0:12:41]} 37. Rf7+ {[%clk 0:14:01]} Kg8
{[%clk 0:12:58]} 38. Rd7 {[%clk 0:14:14]} Rxe4 {[%clk 0:12:38]} 39. Rxd5
{[%clk 0:14:34]} Re3+ {[%clk 0:12:47]} 40. Kg4 {[%clk 0:14:50]} Rxb3
{[%clk 0:12:46]} 41. Kg5 {[%clk 0:13:23]} Kf8 {[%clk 0:11:33]} 42. Kf6
{[%clk 0:12:00]} Ke8 {[%clk 0:11:38]} 43. Rxa5 {[%clk 0:12:21]} Kd8
{[%clk 0:11:39]} 44. Ra8+ {[%clk 0:12:13]} Kc7 {[%clk 0:12:01]} 45. Ra7+
{[%clk 0:12:36]} Kb6 {[%clk 0:11:34]} 46. Rxh7 {[%clk 0:12:58]} Rg3
{[%clk 0:11:50]} 47. Nxg6 {[%clk 0:11:10]} b3 {[%clk 0:12:09]} 48. Ne5
{[%clk 0:11:15]} Kc5 {[%clk 0:11:41]} 49. h4 {[%clk 0:10:17]} Rh3
{[%clk 0:10:23]} 50. Kg5 {[%clk 0:09:31]} Kd4 {[%clk 0:10:07]} 51. Ng6
{[%clk 0:08:07]} Kc3 {[%clk 0:08:41]} 52. Rb7 {[%clk 0:07:46]} b2
{[%clk 0:08:04]} 53. h5 {[%clk 0:07:50]} Rxh5+ {[%clk 0:08:06]} 54. Kxh5
{[%clk 0:08:14]} Kc2 {[%clk 0:08:31]} 55. Rc7+ {[%clk 0:08:16]} Kd1
{[%clk 0:08:34]} 56. Rc8 1/2-1/2

[Event "XXVII Miedzynarodowy Festiwal Szachowy im. Jozefa Dominika"]
[Site "Dobczyce"]
[Date "2019.07.05"]
[Round "1.6"]
[White "Seredyn, Dominik"]
[Black "Slabek, Grzegorz"]
[Result "0-1"]
[BlackElo "1953"]
[WhiteElo "1737"]
[LiveChessVersion "1.4.8"]

1. Nf3 {[%clk 1:30:45]} Nf6 {[%clk 1:30:54]} 2. c4 {[%clk 1:31:07]} g6
{[%clk 1:31:07]} 3. Nc3 {[%clk 1:31:20]} Bg7 {[%clk 1:31:32]} 4. g3
{[%clk 1:31:36]} O-O {[%clk 1:31:55]} 5. Bg2 {[%clk 1:31:58]} d6 {[%clk 1:32:11]}
6. O-O {[%clk 1:32:06]} c6 {[%clk 1:32:23]} 7. a3 {[%clk 1:30:48]} Qa5
{[%clk 1:32:39]} 8. b4 {[%clk 1:27:38]} Qh5 {[%clk 1:32:36]} 9. Bb2
{[%clk 1:24:04]} Bh3 {[%clk 1:32:54]} 10. Nh4 {[%clk 1:20:56]} Bxg2
{[%clk 1:32:58]} 11. Kxg2 {[%clk 1:21:14]} d5 {[%clk 1:31:02]} 12. cxd5
{[%clk 1:20:34]} Nxd5 {[%clk 1:31:24]} 13. e4 {[%clk 1:20:52]} Nf4+
{[%clk 1:29:33]} 14. gxf4 {[%clk 1:17:28]} Qxh4 {[%clk 1:29:57]} 15. Qf3
{[%clk 1:17:47]} Nd7 {[%clk 1:28:34]} 16. Qh3 {[%clk 1:16:32]} Qxh3+
{[%clk 1:28:55]} 17. Kxh3 {[%clk 1:16:57]} Nb6 {[%clk 1:29:03]} 18. d3
{[%clk 1:17:13]} Rfd8 {[%clk 1:29:16]} 19. Rad1 {[%clk 1:14:39]} a5
{[%clk 1:29:27]} 20. e5 {[%clk 1:12:00]} axb4 {[%clk 1:29:25]} 21. axb4
{[%clk 1:12:16]} Nd5 {[%clk 1:29:45]} 22. Nxd5 {[%clk 1:10:37]} Rxd5
{[%clk 1:30:11]} 23. d4 {[%clk 1:10:44]} Ra2 {[%clk 1:30:32]} 24. Bc3
{[%clk 1:10:32]} Ra3 {[%clk 1:30:41]} 25. Rd3 {[%clk 1:10:54]} e6
{[%clk 1:30:26]} 26. Rfd1 {[%clk 1:09:56]} Bf8 {[%clk 1:30:19]} 27. Be1
{[%clk 1:10:17]} Rxd3+ {[%clk 1:29:55]} 28. Rxd3 {[%clk 1:10:38]} Rb5
{[%clk 1:29:55]} 29. Rb3 {[%clk 1:02:48]} b6 {[%clk 1:30:12]} 30. Kg4
{[%clk 1:02:36]} c5 {[%clk 1:30:18]} 31. dxc5 {[%clk 1:03:00]} bxc5
{[%clk 1:30:39]} 32. Kf3 {[%clk 1:03:12]} cxb4 {[%clk 1:31:05]} 33. Ke4
{[%clk 1:03:32]} Rd5 {[%clk 1:30:28]} 34. f3 {[%clk 1:02:06]} f5+
{[%clk 1:29:50]} 35. exf6 {[%clk 0:58:28]} Kf7 {[%clk 1:29:55]} 36. Rd3
{[%clk 0:56:13]} Rxd3 {[%clk 1:30:10]} 37. Kxd3 {[%clk 0:56:36]} Kxf6
{[%clk 1:30:23]} 38. Ke4 {[%clk 0:56:58]} Bd6 {[%clk 1:30:11]} 39. Bd2
{[%clk 0:56:35]} Kf7 {[%clk 1:30:18]} 40. h3 {[%clk 0:56:15]} Ke7
{[%clk 1:30:25]} 41. Kd4 {[%clk 0:55:37]} Kf6 {[%clk 1:29:39]} 42. Ke4
{[%clk 0:55:51]} Kg7 {[%clk 1:29:47]} 43. Bc1 {[%clk 0:55:40]} b3
{[%clk 1:29:37]} 44. Kd3 {[%clk 0:54:33]} Kf6 {[%clk 1:29:51]} 45. Ke4
{[%clk 0:54:37]} Be7 {[%clk 1:30:11]} 46. Bb2+ {[%clk 0:53:27]} Kf7
{[%clk 1:30:33]} 47. Kd3 {[%clk 0:53:46]} Bf6 {[%clk 1:30:53]} 48. Ba3
{[%clk 0:54:10]} Ba1 {[%clk 1:29:00]} 49. Bc5 {[%clk 0:53:46]} Kf6
{[%clk 1:28:56]} 50. Bf2 {[%clk 0:54:03]} Kf5 {[%clk 1:29:10]} 51. Be3
{[%clk 0:53:58]} Bf6 {[%clk 1:29:07]} 52. Bd2 {[%clk 0:52:54]} Bd8
{[%clk 1:27:42]} 53. Be3 {[%clk 0:50:36]} Ba5 {[%clk 1:26:59]} 54. Bc1
{[%clk 0:48:23]} Bc7 {[%clk 1:26:51]} 0-1

[Event "XXVII Miedzynarodowy Festiwal Szachowy im. Jozefa Dominika"]
[Site "Dobczyce"]
[Date "2019.07.05"]
[Round "1.7"]
[White "Kawalko, Adam"]
[Black "Mirowska, Oliwia"]
[Result "1-0"]
[BlackElo "1735"]
[WhiteElo "1920"]
[LiveChessVersion "1.4.8"]

1. e4 {[%clk 1:30:58]} c5 {[%clk 1:30:45]} 2. Nf3 {[%clk 1:31:22]} d6
{[%clk 1:31:02]} 3. d4 {[%clk 1:31:45]} cxd4 {[%clk 1:31:22]} 4. Nxd4
{[%clk 1:32:12]} Nf6 {[%clk 1:31:37]} 5. Nc3 {[%clk 1:32:36]} g6 {[%clk 1:31:33]}
6. Be3 {[%clk 1:31:15]} Bg7 {[%clk 1:31:30]} 7. f3 {[%clk 1:31:00]} O-O
{[%clk 1:31:44]} 8. Qd2 {[%clk 1:30:56]} Nc6 {[%clk 1:31:54]} 9. O-O-O
{[%clk 1:29:11]} Bd7 {[%clk 1:19:00]} 10. g4 {[%clk 1:26:15]} Nxd4
{[%clk 1:12:48]} 11. Bxd4 {[%clk 1:26:25]} Qa5 {[%clk 1:11:40]} 12. Kb1
{[%clk 1:25:08]} Rab8 {[%clk 1:02:50]} 13. Nd5 {[%clk 1:24:11]} Qa4
{[%clk 0:52:34]} 14. Nxe7+ {[%clk 1:22:42]} Kh8 {[%clk 0:52:42]} 15. h4
{[%clk 1:21:03]} Rfe8 {[%clk 0:49:14]} 16. b3 {[%clk 1:19:36]} Qa3
{[%clk 0:47:24]} 17. Nd5 {[%clk 1:19:44]} Nxd5 {[%clk 0:43:46]} 18. Bxg7+
{[%clk 1:20:00]} Kxg7 {[%clk 0:44:08]} 19. Qxd5 {[%clk 1:20:14]} Re6
{[%clk 0:37:07]} 20. h5 {[%clk 1:19:48]} a5 {[%clk 0:34:15]} 21. Qd4+
{[%clk 1:18:32]} f6 {[%clk 0:27:27]} 22. h6+ {[%clk 1:18:37]} 1-0

[Event "XXVII Miedzynarodowy Festiwal Szachowy im. Jozefa Dominika"]
[Site "Dobczyce"]
[Date "2019.07.05"]
[Round "1.8"]
[White "Cichon, Jakub"]
[Black "Jalowiec, Halina"]
[Result "1-0"]
[BlackElo "1919"]
[WhiteElo "1707"]
[LiveChessVersion "1.4.8"]

1. e4 {[%clk 1:30:51]} e5 {[%clk 1:30:57]} 2. Nf3 {[%clk 1:31:16]} Nc6
{[%clk 1:31:24]} 3. Bc4 {[%clk 1:31:38]} Be7 {[%clk 1:31:50]} 4. d3
{[%clk 1:31:33]} Nf6 {[%clk 1:32:11]} 5. O-O {[%clk 1:31:29]} d6 {[%clk 1:32:29]}
6. c3 {[%clk 1:30:47]} Bg4 {[%clk 1:31:44]} 7. h3 {[%clk 1:26:40]} Bh5
{[%clk 1:32:02]} 8. Nbd2 {[%clk 1:26:38]} Qd7 {[%clk 1:31:28]} 9. Re1
{[%clk 1:21:33]} Na5 {[%clk 1:30:05]} 10. Bb3 {[%clk 1:20:05]} Nxb3
{[%clk 1:30:12]} 11. axb3 {[%clk 1:20:10]} O-O {[%clk 1:30:12]} 12. Nf1
{[%clk 1:19:48]} a6 {[%clk 1:29:34]} 13. Ng3 {[%clk 1:19:26]} Bg6
{[%clk 1:28:39]} 14. Nh4 {[%clk 1:11:35]} Rfe8 {[%clk 1:28:30]} 15. Qf3
{[%clk 1:05:34]} Bf8 {[%clk 1:24:18]} 16. Bg5 {[%clk 1:03:37]} Re6
{[%clk 1:23:37]} 17. Ngf5 {[%clk 0:42:11]} d5 {[%clk 1:15:56]} 18. Ra5
{[%clk 0:28:17]} dxe4 {[%clk 1:13:22]} 19. dxe4 {[%clk 0:28:35]} Qc6
{[%clk 1:12:06]} 20. b4 {[%clk 0:23:11]} Rd8 {[%clk 1:10:13]} 21. Bxf6
{[%clk 0:16:37]} Rxf6 {[%clk 1:03:00]} 22. Rxe5 {[%clk 0:15:51]} Rd2
{[%clk 0:55:10]} 23. Rd1 {[%clk 0:11:55]} Rxd1+ {[%clk 0:50:03]} 24. Qxd1
{[%clk 0:12:24]} Bd6 {[%clk 0:46:40]} 25. Rd5 {[%clk 0:11:44]} Re6
{[%clk 0:45:48]} 26. e5 {[%clk 0:10:35]} Bf8 {[%clk 0:45:01]} 27. f4
{[%clk 0:04:28]} f6 {[%clk 0:42:45]} 28. Nxg6 {[%clk 0:01:32]} hxg6
{[%clk 0:42:55]} 29. Nh4 {[%clk 0:01:29]} fxe5 {[%clk 0:41:28]} 30. fxe5
{[%clk 0:01:05]} Be7 {[%clk 0:39:35]} 31. Nf3 {[%clk 0:01:25]} Qb6+
{[%clk 0:36:47]} 32. Kh2 {[%clk 0:01:53]} Qe3 {[%clk 0:36:23]} 33. Rd8+
{[%clk 0:00:41]} Kh7 {[%clk 0:33:20]} 34. Rd7 {[%clk 0:00:45]} Qf4+
{[%clk 0:32:06]} 35. Kh1 {[%clk 0:01:14]} Qc4 {[%clk 0:32:22]} 36. Qd2
{[%clk 0:00:37]} Qc6 {[%clk 0:32:37]} 37. Rd3 {[%clk 0:00:38]} Qe4
{[%clk 0:32:44]} 38. Rd4 {[%clk 0:00:41]} Qb1+ {[%clk 0:32:38]} 39. Kh2
{[%clk 0:01:01]} Qf1 {[%clk 0:31:49]} 40. Ng5+ {[%clk 0:00:42]} Bxg5
{[%clk 0:32:14]} 41. Qxg5 {[%clk 0:01:03]} Qf5 {[%clk 0:31:53]} 42. Rh4+
{[%clk 0:00:37]} Kg8 {[%clk 0:32:17]} 43. Qd8+ {[%clk 0:00:42]} Kf7
{[%clk 0:32:26]} 44. Qxc7+ {[%clk 0:00:38]} Re7 {[%clk 0:32:29]} 45. Qc4+
{[%clk 0:00:38]} Qe6 {[%clk 0:32:44]} 46. Qf4+ {[%clk 0:00:38]} Qf5
{[%clk 0:31:25]} 47. Qc4+ {[%clk 0:01:01]} Qe6 {[%clk 0:31:51]} 48. Rf4+
{[%clk 0:00:39]} Ke8 {[%clk 0:31:41]} 49. Qxe6 {[%clk 0:00:35]} Rxe6
{[%clk 0:32:05]} 50. Re4 {[%clk 0:00:57]} Kd7 {[%clk 0:32:13]} 51. Kg3
{[%clk 0:00:59]} Kc6 {[%clk 0:32:32]} 52. c4 {[%clk 0:01:03]} Kd7
{[%clk 0:32:18]} 53. Kf4 {[%clk 0:01:03]} Rb6 {[%clk 0:32:24]} 54. c5
{[%clk 0:00:46]} Rb5 {[%clk 0:32:37]} 55. Kg5 {[%clk 0:00:38]} a5
{[%clk 0:33:03]} 56. bxa5 {[%clk 0:00:38]} Rxb2 {[%clk 0:33:29]} 57. g4
{[%clk 0:00:51]} Rb5 {[%clk 0:33:23]} 58. Kxg6 {[%clk 0:00:44]} Rxc5
{[%clk 0:33:49]} 59. e6+ {[%clk 0:00:33]} Ke7 {[%clk 0:34:16]} 60. Rb4
{[%clk 0:00:56]} Kxe6 {[%clk 0:33:07]} 61. Rxb7 {[%clk 0:00:53]} Rxa5
{[%clk 0:33:27]} 62. Rxg7 {[%clk 0:01:05]} 1-0